Anton Hykisch: Rozkoše dávnych čias

Bibliographic Details
Main Author: Bátorová, Mária, 1950- (Author)
Format: Article
Language:Slovak
ISSN:1210-1982
Subjects:

MARC

LEADER 00000nab a2200000 ar4500
001 vtls010037384
003 SK-MaSNL
005 20260304032323.0
008 100112c2009 xo |r|p|||||||000 b|slo
015 |a SNBRB2010/01  |2 snkbucl 
038 |a SNKBUCL 
040 |a SNKBUCL  |b slo  |c SNKBUCL  |e AACR2 
041 0 |a slo 
044 |a xo  |c SK 
080 |a 82.09:821.162.4-31  |x (048)  |2 2001 
080 |a 821.162.4-312.6  |x (048)  |2 2001 
080 |a 821.162.4-31  |x (048)  |2 2001 
100 1 |a Bátorová, Mária,  |d 1950-  |4 aut  |9 102337 
245 1 0 |a Anton Hykisch: Rozkoše dávnych čias  |c Mária Bátorová 
650 0 7 |a slovenské romány  |2 snkbucl  |9 103163 
650 0 7 |a spoločenské romány  |2 snkbucl  |9 340433 
650 0 7 |a autobiografické romány  |2 snkbucl  |9 518904 
655 7 |a recenzie  |2 snkbucl  |9 21907 
773 0 |t Knižná revue  |g Roč. XIX, č. 25 (2009), s. 1  |x 1210-1982 
787 0 8 |i Rec.:  |a Hykisch, Anton, 1932-  |t Rozkoše dávnych čias  |d Martin : Matica slovenská, c2009  |z 9788070909201 
852 |a SNK  |b KIS3GCP 
958 |a LX 
958 |a SK 
958 |a RC 
999 |c 2642515  |d 2644445